00230nam a22000737a 4500008004100000040005500041245004200096260001800138240730b |||||||| |||| 00| 0 eng d aNational Science LibrarycNational Science Library aUn modele de chaine semi-automatique  aParis: c1964